000 02187nam a2200337 i 4500
003 DO-SdBNP
005 20240822142820.0
007 ta
008 240822t2024 dr aoc|| |||| 00| 0 spa d
020 _a9789945937848
040 _aDO-SdBNP
_bspa
_cBNPHU
_erda
082 4 _222
_bA795C
100 _aArvelo, Tulio H
_952435
_eautor
245 1 0 _aCayo Confite y Luperón :
_bmemorias de un expedicionario /
_cTulio H. Arvelo; prólogo, José Espaillat.
250 _a2a. edición
264 1 _aSanto Domingo :
_bMuseo Memorial de la Resistencia Dominicana,
_bBúho,
_c2024.
300 _a278 páginas :
_bilustraciones, retratos, fotografías ;
_c23 cm.
336 _2rdacontent
_atexto
_btxt
337 _2rdamedia
_asin mediación
_bn
338 _2rdacarrier
_avolumen
_bnc
490 0 _aMuseo Memorial de la Resistencia Dominicana
_v13
500 _aIncluye datos biografícos del autor en las solapas.
500 _aReeditado con motivo del 75 aniversario de la expedición de Luperón de 1949.
505 _tPresentación --
_tPrólogo.--
_tAclaración Preliminar.--
_tPreludios de un tiranía.--
_tMi primer viaje al extranjero.--
_tEl camino hacia el cayo.--
_t La vida en Cayo Confite.--
_tEl comienzo del fin.--
_tEstampidas en el Cayo.--
_tEn busca de nueva oportunidades.--
_tDiligencias en la Habana.--
_tDiligencias en México.--
_tÚltimos preparativos de la invasión.--
_tEl Lago Izabal.--
_tEl desembarco.--
_tLa fuga a través de los montes.--
_t La captura.--
_tRespuesta a algunas interrogantes.--
_tTraslado a Puerto Plata y a Santiago.--
_tTraslado a Santo Domingo.--
_tEl proceso y la sentencia.--
_tAgilidad mental de Miguelucho.--
_tInfiltración trujillista en el Frente Interno.--
_tDe nuevo hacia el exilio. --
_tSituación actual y destino de algunas de las personas mencionadas en este relato. --
_tPublicaciones del Museo Memorial de la Resistencia Dominicana /
590 _aInventariado 2024 / YL
600 1 0 _aLuperón, Gregorio,
_d1839-1897
_9888
_vCayo Confites
650 4 _aCayo Confites (Movimiento Militar)
_zRepública Dominicana
_xHistoria
_976516
700 1 4 _aEspaillat, José,
_944951
_eprólogo
910 _aYLockward
942 _2ddc
_cLBS1
999 _c57531
_d57531